[Event "2nd Sharjah Masters 2018"]
[Site "Sharjah"]
[Date "2018.04.16"]
[Round "6"]
[White "Sidhant, Mohapatra"]
[Black "Krithigga K"]
[Result "1-0"]
[WhiteElo "2382"]
[BlackElo "2003"]
[Annotator "TA"]
[PlyCount "75"]
[EventDate "2018.??.??"]
[EventType "swiss"]
[EventCountry "UAE"]
[SourceTitle "playchess.com"]
[Source "ChessBase"]
[SourceQuality "1"]

{[%evp 18,75,16,22,36,35,51,46,53,33,28,33,34,45,57,77,75,59,77,100,187,174,223,122,109,47,52,64,428,425,424,409,395,391,452,436,675,655,662,658,653,632,672,707,678,670,900,900,839,819,1083,1088,1372,1354,1345,1270,1591,1047,1248,1244]} 1. Nf3 d5 2. e3 Nf6 3. c4 e6 4. b3 Be7 5. Bb2 O-O 6. Nc3 c5 7. cxd5 Nxd5 8. Nxd5 Qxd5 9. Bc4 Qd8 10. O-O {LiveBook: 6 Games. A13: English Opening: 1...e6} Nd7 $146 ({Find the theoretical novelty and annotate with similar games:} 10... Nc6 11. d4 cxd4 12. Nxd4 Nxd4 13. Bxd4 Bd7 14. Qh5 Bc6 15. Rad1 Qc7 16. Bd3 g6 17. Qe2 e5 {½-½ (47) Bocharov,D (2594)-Grachev,B (2653) Serpukhov 2018}) 11. d4 cxd4 12. Nxd4 {White is slightly better.} Nf6 13. Rc1 a6 14. Qf3 Qa5 15. a4 Qh5 16. Rfd1 Qxf3 17. Nxf3 Nd7 18. Be2 Nc5 (18... Rd8 $16 {keeps fighting.} 19. Rc7 Kf8) 19. Ba3 $18 b6 {[#]} 20. Nd4 (20. Ne5 $1 $18) 20... Re8 $16 21. b4 (21. a5 $16 {And now Bf3 would win.} Nxb3 22. Bxe7 Nxc1 23. Bf3) 21... Ne4 $1 $14 22. Nc6 $36 {[%mdl 2048] White is more active.} Bb7 $2 {[%mdl 8192]} ({Black should try} 22... Bf8 $1 $14) 23. Nxe7+ $18 Rxe7 24. b5 Ree8 25. Rc7 Bd5 26. bxa6 {White is clearly winning.} h6 (26... Rec8 $142) 27. f3 Nf6 28. e4 Bb3 29. Rd4 e5 30. Rb4 Be6 31. Rxb6 Nh5 32. a7 Nf4 33. Bb5 Red8 34. Rd6 Bb3 35. Rxd8+ Rxd8 36. Rd7 Rc8 {[#]} 37. Bc6 $1 {[%mdl 512]} Be6 (37... Rxc6 38. a8=Q+) 38. Rd2 {Precision: White = 72%, Black = 43%.} 1-0

[Event "2nd Sharjah Masters 2018"]
[Site "Sharjah"]
[Date "2018.04.16"]
[Round "6"]
[White "Kowsarinia, Amir"]
[Black "Aditya Mittal"]
[Result "1-0"]
[WhiteElo "2316"]
[BlackElo "2212"]
[Annotator "TA"]
[PlyCount "85"]
[EventDate "2018.??.??"]
[EventType "swiss"]
[EventCountry "UAE"]
[SourceTitle "playchess.com"]
[Source "ChessBase"]
[SourceQuality "1"]

{[%evp 14,85,37,2,35,18,40,27,29,33,33,26,44,0,0,-12,0,0,0,0,0,3,13,-25,17,7,7,12,11,8,18,14,14,13,15,14,14,14,21,19,46,33,24,25,195,195,195,195,195,195,191,184,559,545,686,514,595,595,29989,29990,29990,29991,29992,29993,29993,29994,29994,29993,29994,29995,29995,29996,29996,29997]} 1. Nf3 d5 2. b3 Nf6 3. Bb2 c5 4. e3 e6 5. d4 Nc6 6. Bd3 Bd6 7. O-O O-O 8. Nbd2 {LiveBook: 184 Games} h6 {D05: Colle System with ...e6} (8... b6 9. dxc5 Bxc5 10. c4 dxc4 11. Nxc4 Bb7 12. Qe2 Qe7 13. Ng5 Rfd8 14. Bxf6 Qxf6 15. Bxh7+ Kf8 16. Ne4 {0-1 (39) Wojtaszek,R (2749)-Ganguly,S (2668) Doha 2016}) 9. a3 Nd7 $146 ({Predecessor:} 9... a6 10. Ne5 Nd7 11. f4 cxd4 12. exd4 f6 13. Ng6 {1-0 (43) Fiederling,W (2046)-Pramann,J (1781) Duisburg 1999}) 10. c4 cxd4 {White has an edge.} 11. exd4 b6 12. Qe2 Bb7 13. b4 (13. cxd5 $14 exd5 14. Rae1) 13... dxc4 $11 14. Nxc4 Bc7 15. Rac1 Ne7 16. Nce5 Nf6 17. b5 Ned5 18. Bb1 Qe7 19. Nc6 Bxc6 20. Rxc6 Bd6 21. Qd3 Rfc8 22. Rfc1 Rxc6 23. Rxc6 g6 24. g3 Rd8 25. Qb3 Qb7 26. Ne5 Ne7 {And now ...Bxe5 would win.} 27. Bxg6 Bxe5 $1 {[#]} 28. Bxf7+ $1 {[%mdl 512]} Kg7 $2 (28... Kxf7 $11 29. Qxe6+ Ke8 30. Qxe5 Nfg8) 29. dxe5 $18 Nxc6 30. bxc6 ({And not} 30. exf6+ Kxf7 31. Qc2 Na5 $11) 30... Qxc6 31. Bxe6 Ne4 32. Bg4 {[#] Black must now prevent e6+.} Nxf2 $2 (32... Qc5 {is a better chance.} 33. e6+ Kg6) 33. e6+ {[%cal Be5e6,Be6e7][%mdl 32]} Kg6 34. e7 Qh1+ 35. Kxf2 {White wants to mate with Qe6+.} Qxh2+ 36. Kf3 {White mates.} Qh1+ 37. Kf4 Qf1+ 38. Bf3 Rd4+ 39. Bxd4 {[%cal Rb3g8]} Qc1+ 40. Qe3 Qc7+ 41. Qe5 Qc1+ 42. Be3 Qc4+ 43. Be4+ {Precision: White = 80%, Black = 38%.} 1-0

[Event "2nd Sharjah Masters 2018"]
[Site "Sharjah"]
[Date "2018.04.16"]
[Round "6"]
[White "Srija, Seshadri"]
[Black "Ahmed, Fareed"]
[Result "0-1"]
[WhiteElo "2264"]
[BlackElo "1989"]
[Annotator "NA RC"]
[PlyCount "96"]
[EventDate "2018.??.??"]
[EventType "swiss"]
[EventCountry "UAE"]
[SourceTitle "playchess.com"]
[Source "ChessBase"]
[SourceQuality "1"]
[TimeControl "5400+30"]

1. e4 {[%emt 0:00:00]} e6 {[%emt 0:00:05]} 2. d4 {[%emt 0:00:00]} d5 {[%emt 0:00:08]} 3. Nd2 {[%emt 0:00:00]} Nf6 {[%emt 0:00:17]} 4. e5 {[%emt 0:00:00]} Nfd7 {[%emt 0:00:09]} 5. Bd3 {[%emt 0:00:08]} c5 {[%emt 0:00:06]} 6. c3 {[%emt 0:00:05]} Nc6 {[%emt 0:00:09]} 7. Ne2 {[%emt 0:00:10]} cxd4 {[%emt 0:00:17]} 8. cxd4 {[%emt 0:00:06]} f6 {[%emt 0:00:05]} 9. exf6 {[%emt 0:00:09]} Nxf6 {[%emt 0:00:08]} 10. Nf3 {[%emt 0:00:08]} Bd6 {[%emt 0:00:07]} 11. O-O {[%emt 0:00:08]} Qc7 {[%emt 0:00:14]} 12. h3 {[%emt 0:00:05]} O-O {[%emt 0:00:36]} 13. Be3 {[%emt 0:00:07]} Bd7 {[%emt 0:19:28]} 14. Re1 {[%emt 0:00:29]} Rae8 {[%emt 0:06:46]} 15. Rc1 {[%emt 0:00:29]} Re7 {[%emt 0:04:01]} 16. Nc3 {[%emt 0:00:32]} Qb8 {[%emt 0:06:18]} 17. Na4 {[%emt 0:00:21]} Be8 {[%emt 0:01:51]} 18. Nc5 {[%emt 0:01:03]} Bh5 {[%emt 0:06:49]} 19. g4 {[%emt 0:00:42]} Nxg4 {[%emt 0:17:18]} 20. hxg4 {[%emt 0:01:28]} Bxg4 {[%emt 0:00:09]} 21. Be2 {[%emt 0:00:12]} Qe8 {[%emt 0:17:41]} 22. Ng5 {[%emt 0:50:39]} Bxe2 {[%emt 0:05:47]} 23. Qxe2 {[%emt 0:00:08]} Qg6 {[%emt 0:06:12]} 24. Qd3 {[%emt 0:02:59]} Rf5 {[%emt 0:02:33]} 25. Qd2 {[%emt 0:04:31]} Bxc5 {[%emt 0:02:27]} 26. Rxc5 {[%emt 0:00:07]} h6 {[%emt 0:00:03]} 27. b4 {[%emt 0:00:22]} hxg5 {[%emt 0:01:52]} 28. b5 {[%emt 0:00:06]} Nd8 {[%emt 0:00:19]} 29. Rc8 {[%emt 0:00:19]} Rf8 {[%emt 0:01:39]} 30. Rec1 {[%emt 0:04:01]} Ree8 {[%emt 0:01:03]} 31. Kf1 {[%emt 0:01:09]} g4 {[%emt 0:00:22]} 32. Qc2 {[%emt 0:02:39]} Qh5 {[%emt 0:00:42]} 33. Ke1 {[%emt 0:00:32]} g3 {[%emt 0:00:32]} 34. f4 {[%emt 0:01:43]} Qf3 {[%emt 0:00:38]} 35. Qe2 {[%emt 0:00:11]} Qe4 {[%emt 0:00:18]} 36. Kd2 {[%emt 0:01:23]} Nf7 {[%emt 0:00:19]} 37. R8c7 {[%emt 0:01:22]} Nd6 {[%emt 0:00:53]} 38. Qg4 {[%emt 0:00:19]} Nf5 {[%emt 0:00:31]} 39. Bg1 {[%emt 0:01:05]} Qg2+ {[%emt 0:00:23]} 40. Kd3 {[%emt 0:00:50]} Qxa2 {[%emt 0:00:39]} 41. Qg6 {[%emt 0:01:20]} Qb3+ 42. Kd2 {[%emt 0:00:08]} Qb4+ {[%emt 0:00:26]} 43. R1c3 {[%emt 0:00:43]} Re7 {[%emt 0:00:43]} 44. R7c5 {[%emt 0:01:19]} Nd6 {[%emt 0:00:23]} 45. f5 {[%emt 0:01:42]} Ne4+ {[%emt 0:00:33]} 46. Kc2 {[%emt 0:00:31]} Nxc3 {[%emt 0:00:19]} 47. Rxc3 {[%emt 0:00:53]} exf5 {[%emt 0:00:23]} 48. Be3 {[%emt 0:00:42]} Qxb5 {[%emt 0:00:54]} 0-1

[Event "2nd Sharjah Masters 2018"]
[Site "Sharjah"]
[Date "2018.04.16"]
[Round "6"]
[White "El Jawich, Amro"]
[Black "Viani Antonio Dcunha"]
[Result "1/2-1/2"]
[WhiteElo "2254"]
[BlackElo "2435"]
[Annotator "TA"]
[PlyCount "112"]
[EventDate "2018.??.??"]
[EventType "swiss"]
[EventCountry "UAE"]
[SourceTitle "playchess.com"]
[Source "ChessBase"]
[SourceQuality "1"]

{[%evp 37,112,41,40,0,0,0,0,0,0,-47,-50,-37,-37,-49,-19,-31,-23,-30,-21,-23,-18,-29,-16,-25,-25,-119,-109,-116,-112,-91,-91,-98,3,3,29,8,8,8,8,8,10,10,11,0,0,0,0,-8,-8,-8,0,0,0,0,0,0,0,0,0,0,8,0,0,0,0,0,0,0,0,0,0,0,0,0,0,0,0]} 1. e4 c6 2. d4 d5 3. Nc3 dxe4 4. Nxe4 Bf5 5. Ng3 Bg6 6. h4 h6 7. h5 Bh7 8. Nf3 Nf6 9. Bd3 Bxd3 10. Qxd3 e6 11. Bd2 Nbd7 12. O-O-O Bd6 13. Ne4 Nxe4 14. Qxe4 Nf6 15. Qe2 Qc7 16. Kb1 {B19: Classical Caro-Kann: 4...Bf5 main line} O-O-O 17. c4 c5 18. Bc3 cxd4 19. Nxd4 a6 {LiveBook: 15 Games} 20. Rh3 (20. Nf3 Qc6 21. Rde1 Rd7 {0-1 (60) Puranik,A (2520)-Margvelashvili,G (2530) chess.com INT 2018}) 20... Rd7 21. Rhd3 {Nxe6! is the strong threat.} Rhd8 22. Nb3 {Threatens to win with c5!} Qc6 23. Ba5 $146 ({Predecessor:} 23. g3 Qe4 24. Qc2 {1-0 (34) Elieff,K-Zendrowski,J London,Canada 1993}) 23... Bc7 $1 {aiming for ...Rxd3.} 24. Rxd7 Rxd7 25. Rxd7 Qxd7 (25... Nxd7 {keeps more tension.} 26. Bxc7 Qxc7 27. Qg4 Qe5 28. f3 Nb6) 26. Bc3 {[#]} e5 $1 {[%mdl 512]} 27. Qf3 (27. Bxe5 Qf5+) 27... Qg4 28. Qxg4+ Nxg4 $11 {[%mdl 4096] Endgame KBN-KBN} 29. f4 Nf6 30. fxe5 Nxh5 31. Nc5 (31. Kc2 $11) 31... Nf4 $17 32. e6 fxe6 33. Bxg7 {[#]} h5 $1 34. g3 Nh3 (34... Ne2 $17 35. Kc2 Bxg3) 35. Ne4 $11 ({Much worse is} 35. Nxe6 Bxg3 36. Nd4 h4 $17) 35... Kd7 36. Nf6+ Ke7 $1 {The position is equal.} 37. Nxh5 Kf7 38. Bc3 e5 39. g4 Nf2 40. Ng3 e4 41. Ne2 Nxg4 42. Bd4 Ke6 43. Kc2 Kf5 44. b4 Bf4 45. b5 e3 46. bxa6 bxa6 47. c5 Bc7 48. Kd3 Ke6 49. Bxe3 (49. Ke4 {seems wilder.} Kd7 50. Bxe3 Kc6 51. Bd4 Nh2 52. Nc1) 49... Nxe3 50. Kxe3 {KB-KN} Kd5 51. Kd3 Kxc5 52. Kc3 Ba5+ 53. Kb3 $1 Be1 54. Nc3 Kd4 55. Na4 Ba5 56. Nb2 Be1 {Precision: White = 67%, Black = 72%.} 1/2-1/2

[Event "2nd Sharjah Masters 2018"]
[Site "Sharjah"]
[Date "2018.04.16"]
[Round "6"]
[White "Mohannad, Farhan"]
[Black "Haddouche, Mohamed"]
[Result "0-1"]
[WhiteElo "2219"]
[BlackElo "2506"]
[Annotator "TA"]
[PlyCount "86"]
[EventDate "2018.??.??"]
[EventType "swiss"]
[EventCountry "UAE"]
[SourceTitle "playchess.com"]
[Source "ChessBase"]
[SourceQuality "1"]

{[%evp 17,86,80,83,84,97,67,69,75,94,68,121,91,91,81,86,70,76,72,75,64,105,95,87,100,92,88,105,103,131,108,106,100,132,132,134,71,151,126,214,207,538,531,554,304,281,284,269,273,250,264,250,238,230,224,236,22,0,-471,-481,-479,-478,-443,-452,-5302,-720,-703,-680,-700,-694,-29991,-29992]} 1. d4 Nf6 2. c4 d6 3. Nf3 Nbd7 4. Nc3 e5 5. e4 Be7 6. Be2 O-O 7. d5 c5 8. O-O Ne8 9. Be3 {A56: Czech Benoni} (9. Ne1 Bg5 10. Nd3 g6 11. a3 Ng7 12. b4 Bxc1 13. Qxc1 b6 14. f4 Ba6 15. b5 Bc8 16. Qe3 exf4 17. Qxf4 Qe7 18. Bg4 {½-½ (18) Cvitan,O (2562)-Bu,X (2664) Biel 2013}) 9... g6 {LiveBook: 7 Games} 10. Qd2 Ng7 11. Bh6 {White is better.} Nf6 12. Ne1 a6 $146 ({Predecessor:} 12... Kh8 13. Nd3 Ng8 14. Be3 f5 15. f4 exf4 16. Bxf4 g5 {1-0 (65) Hanko,P (2199)-Borosova,Z (2295) Slovakia 2010}) 13. a3 Nd7 (13... Ng4 $14 14. Bxg4 Bxg4) 14. Nd3 f5 15. f4 Rf7 16. fxe5 Nxe5 17. Nxe5 dxe5 18. Rad1 Bd6 19. Bg5 $36 {[%mdl 2048] White has strong initiative.} Qc7 20. exf5 $1 gxf5 21. g4 e4 22. Bf4 Bd7 23. Bxd6 Qxd6 24. Qf4 Qg6 25. Kh1 $1 Re8 {[%cal Rf5g4]} 26. g5 ({White should try} 26. gxf5 $1 Bxf5 27. Qe3) 26... Rff8 {[#]} (26... Nh5 $142 27. Qe3 Ng7) 27. b4 $1 $16 Qb6 (27... cxb4 $16 28. axb4 Qb6) 28. d6 $18 {[%cal Bd5d6,Bd6d7][%mdl 32] aiming for Nd5.} Be6 $2 (28... Qd8 29. bxc5 Bc6) 29. d7 Rd8 30. Rd6 Qc7 31. Nxe4 {Strongly threatening Nf6+.} Bxd7 32. Nf6+ Rxf6 33. Rxf6 ({Resist} 33. gxf6 $6 Bc6+ 34. Rxc6 Qxc6+ 35. Bf3 Qxf6) 33... Bc6+ 34. Kg1 Qe7 35. Bf3 Rd4 36. Qg3 $2 ({Only move:} 36. Bxc6 $18 Rxf4 37. Bd5+ Kh8 38. Rxf4) 36... Qe3+ $11 37. Kh1 $2 {[%mdl 8192] [#]} (37. Kg2 $1 $11 Qd2+ 38. Kh3) 37... Rd1 $1 $19 {[%mdl 512] ( -> ...Bxf3+)} 38. Kg2 (38. Rxd1 Bxf3+) 38... Bxf3+ 39. Qxf3 Qxg5+ 40. Kh3 (40. Qg3 $142 Rd2+ 41. Rf2 Rxf2+ 42. Kxf2 Qxf6 43. Qb8+ Qf8 44. Qxb7) 40... Rd4 (40... Rd3 $142 41. Rxf5 Qxf5+ 42. Kg2 Qg6+ 43. Kh1 Rxf3 44. Rxf3 cxb4 45. axb4 Qe4) 41. Qg3 Qxf6 42. Qb8+ Rd8 43. Qxb7 Qg5 {Precision: White = 51%, Black = 56%.} 0-1

[Event "2nd Sharjah Masters 2018"]
[Site "Sharjah"]
[Date "2018.04.16"]
[Round "6"]
[White "Poormosavi, Seyed Kian"]
[Black "Erigaisi Arjun"]
[Result "1/2-1/2"]
[WhiteElo "2218"]
[BlackElo "2481"]
[Annotator "TA"]
[PlyCount "161"]
[EventDate "2018.??.??"]
[EventType "swiss"]
[EventCountry "UAE"]
[SourceTitle "playchess.com"]
[Source "ChessBase"]
[SourceQuality "1"]

{[%evp 17,161,22,43,47,77,47,58,55,79,87,100,103,97,100,91,72,69,53,98,68,68,76,81,81,110,26,20,-62,18,17,77,-20,0,-7,10,0,10,0,0,0,0,0,11,0,0,-42,-47,-42,-8,-56,-33,-34,-34,-32,-28,-37,-35,-59,-68,-81,-79,-114,-114,-119,-120,-124,-104,-131,-108,-113,-108,-129,-108,-129,-115,-141,-117,-129,-117,-144,-107,-144,-85,-129,-144,-144,-144,-144,-144,-144,-144,-144,-70,-72,-65,-83,-18,-78,-86,-79,-81,-90,-90,-140,-87,-147,-87,-90,-79,-87,-81,-86,-81,-83,-79,-72,-55,-86,-65,-59,-44,-37,-37,-37,-37,-41,-44,-47,-38,-42,-40,-57,-58,-73,-72,-72,-72,-72,-72,-72,-72,-72,-72,-84,-69,-141]} 1. e4 {[%cal Be2e4,Be4e5][%mdl 32]} e6 2. d4 d5 3. Nd2 Nf6 4. e5 Nfd7 5. Bd3 c5 6. c3 Nc6 7. Ngf3 g6 8. h4 h6 {C06: French Tarrasch: 3...Nf6 4 e5 Nfd7 5 Bd3 main lines} 9. a3 (9. Qe2 Bg7 10. a3 a5 11. Qe3 b6 12. Nf1 Ba6 13. Bxa6 Rxa6 14. N1h2 Ra7 15. Ng4 a4 16. Qf4 {0-1 (53) Guseinov,G (2646)-Socko,B (2593) Riadh 2017}) 9... a5 {LiveBook: 4 Games} 10. Nf1 Rb8 $146 {White is slightly better.} ({Predecessor:} 10... c4 11. Bc2 b5 12. h5 g5 13. Ne3 Bb7 14. Nh2 Qc7 15. O-O O-O-O 16. Neg4 {1-0 (35) Maenhout,T (2387)-Tan,M (2442) Belgium 2017}) 11. Qc2 Bg7 12. Ng3 Qe7 13. Qe2 Kd8 14. Bd2 c4 15. Bc2 b5 16. Nf1 Kc7 17. Ne3 Bb7 18. b4 Ra8 19. O-O Nb6 20. g3 Nb8 21. g4 (21. h5 $16) 21... N8d7 22. g5 (22. bxa5 $11 Rxa5 23. Rfb1) 22... h5 (22... hxg5 $15 23. bxa5 Rxa5 24. hxg5 Nxe5 $1 {[%mdl 512]} 25. dxe5 d4 26. Nxc4 (26. cxd4 $2 Qxg5+ 27. Ng2 Qh5 $19) 26... Bxf3 27. Qxf3 Nxc4) 23. Rfb1 $11 Ra7 {[#]} (23... axb4 $11 24. axb4 Na4) 24. Ng2 (24. a4 $1 $16) 24... Rha8 25. Qe1 Bf8 26. Nf4 Qe8 27. Nh2 Be7 28. Nf1 Nf8 29. Qc1 Bc6 30. Qe1 Ra6 31. Bc1 axb4 32. cxb4 R8a7 33. Bb2 Qa8 (33... Na4 {seems wilder.} 34. Bc1 Nd7 35. Ne3 Ndb6 36. Nd1 Qd7) 34. Ne2 Na4 $36 {[%mdl 2048] Black has the initiative.} 35. Bxa4 Rxa4 36. Qc1 Rb7 37. Nc3 Raa7 38. Ne3 Nd7 39. Nc2 Nb6 40. Qf4 Qe8 41. Ne3 Ra8 42. Bc1 Kd8 43. Bb2 Bf8 44. Re1 Qe7 45. Nc2 Ke8 46. Qf3 Ra6 47. Qf4 Qd8 48. Qf3 Raa7 49. Kh2 Nc8 ({Black should play} 49... Bg7 50. Qf4 Kf8) 50. Ne3 Bg7 51. Nf1 Qb6 52. Qf4 Ne7 53. Ng3 Rb8 54. Re3 {[#]} Ng8 (54... Kf8 $1 $17 55. Rf3 Be8) 55. Rf3 $15 Kd8 56. Rb1 Rba8 (56... Be8 $17) 57. Bc1 (57. a4 $11) 57... Be8 $17 58. Qd2 Ne7 59. Bb2 Nc6 60. Nd1 Qb8 (60... Ke7 $142 61. Rc1 Kf8) 61. Re3 (61. Nc3 $142) 61... Bf8 ({Black should try} 61... Ke7 62. Rf3 Kf8) 62. Ne2 Kc8 63. Kh1 Ra6 64. Rf3 R8a7 65. Qc3 Be7 {[%cal Bf8e7,Be7d8,Bd8b6][%mdl 32]} 66. Ne3 Qa8 {[%cal Ra6a3]} 67. Nc2 Bd8 68. Kg1 Bb6 69. Rf4 Kb8 70. Ng3 Bd8 71. Rd1 Ne7 {[%cal Bc6e7,Be7c8,Bc8b6,Bb6a4][%mdl 32]} 72. Rf3 Nc8 73. Ne2 Nb6 74. Bc1 Na4 75. Qa1 Rd7 (75... Kc8 {keeps more tension.} 76. Ne3 Bb6 77. Nc3 Kd8 78. Ng2 Qb7) 76. Nc3 Rb6 77. Nxa4 Qxa4 78. Qc3 Rc7 79. Re1 Rbc6 80. Ree3 {[#]} Qb3 $1 {[%mdl 512]} 81. Qb2 {Precision: White = 38%, Black = 45%.} (81. Qd2 $1 $15 c3 82. Qd3) (81. Qxb3 cxb3) 1/2-1/2

[Event "2nd Sharjah Masters 2018"]
[Site "Sharjah"]
[Date "2018.04.16"]
[Round "6"]
[White "Nyazi, Nehad"]
[Black "Sundararajan, Kidambi"]
[Result "1/2-1/2"]
[WhiteElo "2213"]
[BlackElo "2436"]
[Annotator "TA"]
[PlyCount "89"]
[EventDate "2018.??.??"]
[EventType "swiss"]
[EventCountry "UAE"]
[SourceTitle "playchess.com"]
[Source "ChessBase"]
[SourceQuality "1"]

{[%evp 17,89,27,41,31,50,48,46,43,56,34,62,47,43,10,68,0,0,0,-11,-12,0,-38,-29,-102,-100,-102,-91,-90,-91,-94,6,0,2,7,5,0,0,0,0,0,-4,-18,-18,-17,-21,-18,-16,-110,-108,-182,-172,-245,-255,-236,-228,-269,-69,-63,-67,-64,-78,-136,-8,-10,-8,-18,-8,-8,-8,-8,-8,-8,0,-8]} 1. d4 Nf6 2. c4 e6 3. Nf3 Bb4+ 4. Bd2 Qe7 5. g3 Nc6 6. Nc3 O-O 7. Bg2 Na5 {E11: Bogo-Indian} (7... d6 8. O-O Bxc3 9. Bxc3 e5 10. d5 Nb8 11. Nd2 Bg4 12. b4 c6 13. h3 Bh5 14. Ne4 Nxe4 15. Bxe4 f5 16. Bf3 Bxf3 17. exf3 {1-0 (43) Le,Q (2737)-Arnold,M (2524) chess.com INT 2018}) 8. b3 b6 9. O-O Bb7 {LiveBook: 87 Games. White has an edge.} 10. Re1 c5 $146 ({Find the theoretical novelty and annotate with similar games:} 10... Ne4 11. Nxe4 Bxe4 12. Bxb4 Qxb4 13. Ne5 Bxg2 14. Kxg2 Nc6 15. Nf3 {1-0 (47) Moranda,W (2559)-Mishuchkov,N (2394) Krakow 2012}) 11. d5 exd5 12. Nxd5 Bxd5 13. cxd5 {And now Bxb4 would win.} Ne4 $1 14. Bxb4 cxb4 15. Nh4 Rae8 (15... g6 $11) 16. Qd4 ({Better is} 16. Nf5 $14 Qf6 17. Bxe4 Rxe4 18. f3) 16... g6 $11 17. Rad1 Nc3 $36 {[%mdl 2048] White is under pressure.} 18. Rd2 Qc5 19. Qf4 f5 20. d6 (20. Rc2 $11) 20... Ne4 $17 21. Bxe4 fxe4 22. Qe3 Qxe3 23. fxe3 Nb7 (23... g5 $17 24. Ng2 Re5) 24. Ng2 $11 Re6 25. Nf4 Rxd6 26. Rxd6 Nxd6 {[%mdl 4096] Endgame KRN-KRN} 27. Rd1 Nf5 28. Rxd7 Nxe3 {Strongly threatening ...g5.} 29. h4 Rf7 30. Rd8+ Kg7 31. Re8 Nf5 32. Ne6+ (32. Kf2 $11) 32... Kf6 $17 33. Ng5 (33. Nf4 $17 {was necessary.}) 33... Re7 $1 $19 {[%cal Re7e8]} ({Inferior is} 33... Nxg3 34. Kf2 $16) 34. Nxe4+ (34. Rxe7 {is a better defense.} Nxe7 35. Nxe4+ Ke5 36. Nf2) 34... Ke5 $1 35. Rxe7+ Nxe7 {KN-KN} 36. Ng5 {[#]} Nd5 $2 (36... Kd4 $1 $19 {White must now prevent ...Kc3.} 37. Nxh7 Kc3) 37. Nxh7 $15 Nc3 38. Nf8 Kf6 $1 39. Nd7+ {[#]} ({White should try} 39. g4) 39... Ke6 ({Black should play} 39... Kf5 $1 $17 40. Nb8 a5) 40. Nf8+ $11 {The position is equal.} Kf7 41. Nd7 Nxe2+ 42. Kf2 Nc3 43. Ke3 Nxa2 {Black wants to play ...Ke6.} 44. Kd4 Nc3 45. Kc4 {Precision: White = 47%, Black = 48%.} 1/2-1/2

[Event "2nd Sharjah Masters 2018"]
[Site "Sharjah"]
[Date "2018.04.16"]
[Round "6"]
[White "Zhu, Yilun"]
[Black "Kakulidis, Ellen"]
[Result "1-0"]
[WhiteElo "2195"]
[BlackElo "1975"]
[Annotator "TA"]
[PlyCount "79"]
[EventDate "2018.??.??"]
[EventType "swiss"]
[EventCountry "UAE"]
[SourceTitle "playchess.com"]
[Source "ChessBase"]
[SourceQuality "1"]

{[%evp 18,79,-6,0,23,0,9,0,69,52,98,88,106,86,99,106,134,106,108,92,119,106,128,75,76,87,82,0,179,178,189,184,232,232,232,225,237,155,177,164,350,332,344,333,337,334,326,346,462,462,462,462,440,310,474,521,521,469,581,551,775,763,2272,1302]} 1. Nf3 d5 2. c4 e6 3. g3 Nf6 4. Bg2 Be7 5. O-O O-O 6. b3 c5 {[%cal Bc7c5,Bc5d4][%mdl 32]} 7. Bb2 Nc6 8. e3 d4 9. exd4 cxd4 10. Re1 {LiveBook: 445 Games} Qd6 {A14: English Opening: 1...e6 with b3 by White} (10... Re8 11. d3 Bc5 12. Ba3 Nd7 13. Nfd2 Nb4 14. Ne4 a5 15. f4 Be7 16. Bb2 Nc6 17. a3 b6 18. Nd6 Bxd6 19. Bxc6 {½-½ (54) Robson,R (2668)-So,W (2822) Saint Louis 2017}) 11. Na3 {With the idea Nb5.} e5 $146 {[#]} ({Predecessor:} 11... a6 12. d3 e5 13. Nc2 Qc7 14. Qe2 Bd6 15. a3 a5 16. Rab1 Re8 17. Bc1 e4 18. Nfxd4 {1-0 (41) Jere,D (2390)-Mfundisi,S (1862) Johannesburg 2017}) 12. c5 $1 {[%mdl 512]} Qb8 ({Don't play} 12... Qxc5 $6 13. Rc1 $16) (12... Qc7 $1 $11) 13. Nc4 {[%cal Rf3e5]} Nd7 14. Nxd4 exd4 15. Bxc6 $1 Bxc5 16. Bg2 Nf6 17. Rc1 a5 18. Re5 b6 19. Bxa8 Qxa8 {[#]} 20. Qf1 (20. Ba3 $142 $1 {[%cal Ra3c5]} Nd7 21. Bxc5 Nxe5 22. Nxe5 (22. Nxb6 $2 Qe4 $19) 22... bxc5 23. Rxc5) 20... Ng4 $16 21. Rxc5 bxc5 22. Nb6 (22. f3 $16 Nf6 23. Nb6) 22... Qf3 $2 (22... Qb7 $11 {and Black has nothing to worry.} 23. Nxc8 Rxc8) 23. Nxc8 $18 Rxc8 {[#]} 24. Bxd4 $1 {[%mdl 512]} Qd5 (24... cxd4 25. Rxc8#) 25. Qc4 Qh5 26. h4 Qf5 27. Be3 $40 {[%mdl 128] Black is in trouble.} (27. Bxc5 Nxf2 28. Qf1 Rxc5 $14) 27... Ne5 28. Qf4 Nf3+ $2 (28... Qxf4 29. gxf4 (29. Bxf4 Nd3 $16) 29... Nf3+ 30. Kf1 Nxh4 31. Rxc5 Ra8) 29. Kg2 Qxf4 30. Bxf4 {[%mdl 4096] Endgame KRB-KRN} Nd4 31. Be3 Ne6 {[#]} 32. d4 $1 {[%cal Bd2d4,Bd4c5,Bc5c6][%mdl 544]} a4 (32... cxd4 33. Rxc8+) 33. dxc5 axb3 34. axb3 Rb8 35. Rc3 h6 (35... Kf8 {keeps fighting.} 36. Kf3 Ke7) 36. c6 {White is clearly winning.} Kf8 {[#]} 37. b4 $1 {[%cal Bb3b4,Bb4b5][%mdl 32]} Ke7 (37... Rxb4 38. Bc5+) 38. Ba7 Rc8 39. b5 Kd6 40. Rd3+ {Precision: White = 75%, Black = 34%.} 1-0